Kun furniture.
| Format: | Book |
|---|---|
| Published: |
Butterworth:
Kun Furniture,
200-.
|
| Subjects: |
| LEADER | 00499cam a2200145 7i4500 | ||
|---|---|---|---|
| 001 | 0000023028 | ||
| 005 | 20090625090000.0 | ||
| 090 | 0 | 0 | |a CD 684.1025 |b KUN (M) |
| 245 | 0 | 0 | |a Kun furniture. |
| 260 | 0 | 0 | |a Butterworth: |b Kun Furniture, |c 200-. |
| 300 | # | # | |a Electronic optical computer disc (CD-ROM). |
| 650 | 0 | 0 | |a Furniture -- |x Directories -- |z Malaysia |
| 650 | 0 | 0 | |a Furniture -- |x Manufactures -- |x Directories -- |z Malaysia |
| 651 | 0 | 0 | |a Malaysia |
| 999 | |a CDR000823H |b CD-ROM |c AV Collection |e Business Information Centre | ||